Monete greche / (Record no. 26239)
[ view plain ]
| 000 -LEADER | |
|---|---|
| campo de control de longitud fija | 00995nam a2200253 i 4500 |
| 001 - NÚMERO DE CONTROL | |
| campo de control | 26239 |
| 003 - IDENTIFICADOR DE NÚMERO DE CONTROL | |
| campo de control | ES-MaACL |
| 005 - FECHA Y HORA DE LA ÚLTIMA TRANSACCIÓN | |
| campo de control | 20250822235312.0 |
| 007 - CAMPO FIJO DE DESCRIPCIÓN FÍSICA--INFORMACIÓN GENERAL | |
| campo de control de longitud fija | t| |
| 008 - DATOS DE LONGITUD FIJA--INFORMACIÓN GENERAL | |
| campo de control de longitud fija | 030108s1917 it a |||| | ita d |
| 100 1# - ENTRADA PRINCIPAL--NOMBRE DE PERSONA | |
| Nombre de persona | Ambrosoli, Solone. |
| 9 (RLIN) | 21179 |
| 245 10 - MENCIÓN DEL TÍTULO | |
| Título | Monete greche / |
| Mención de responsabilidad, etc. | dal prof. dott. Serafino Ricci. |
| 250 ## - MENCION DE EDICION | |
| Mención de edición | Secondo edizione completamente rifatta dal Serafino Ricci. |
| 260 ## - PUBLICACIÓN, DISTRIBUCIÓN, ETC. | |
| Lugar de publicación, distribución, etc. | Milano : |
| Nombre del editor, distribuidor, etc. | U. Hoepli, |
| Fecha de publicación, distribución, etc. | 1917 ( |
| Fabricante | Umberto Allegretti) |
| 300 ## - DESCRIPCIÓN FÍSICA | |
| Extensión | XXV, 626 p. : |
| Otras características físicas | il. ; |
| Dimensiones | 15 cm. |
| 490 1# - MENCIÓN DE SERIE | |
| Mención de serie | Manuali Hoepli |
| 505 8# - NOTA DE CONTENIDO CON FORMATO | |
| Nota de contenido con formato | Contiene: Numismatica greca. - Ermeneutica delle monete. - Classificazione dei sistemi e delle officine monetarie. - La moneta greca nell'antichità e nell'arte classica. - Cenni e prontuari delle varie categorie di prezzi |
| 650 #4 - PUNTO DE ACCESO ADICIONAL DE MATERIA--TÉRMINO DE MATERIA | |
| Término de materia o nombre geográfico como elemento de entrada | Monedas griegas. |
| 9 (RLIN) | 166451 |
| 650 #7 - PUNTO DE ACCESO ADICIONAL DE MATERIA--TÉRMINO DE MATERIA | |
| Término de materia o nombre geográfico como elemento de entrada | Numismática griega |
| Fuente del encabezamiento o término | embne |
| 9 (RLIN) | 163048 |
| 700 1# - ENTRADA AGREGADA--NOMBRE PERSONAL | |
| Nombre de persona | Ricci, Serafino. |
| 9 (RLIN) | 96883 |
| 830 0# - PUNTO DE ACCESO ADICIONAL DE SERIE-TÍTULO UNIFORME | |
| Título uniforme | Manuali Hoepli |
| 9 (RLIN) | 180782 |
| 852 ## - LOCALIZACIÓN | |
| Ubicación | ES-MaACL |
| Número de control de estantería | G-15353 |
| Estatus retirado | Estado de pérdida | Estado de daño | No para préstamo | Biblioteca de origen | Biblioteca actual | Ubicación en estantería | Fecha de adquisición | Fuente de adquisición | Total de préstamos | Signatura topográfica completa | Código de barras | Visto por última vez | Precio de reemplazo | Tipo de ítem Koha |
|---|---|---|---|---|---|---|---|---|---|---|---|---|---|---|
| Biblioteca del Ateneo de Madrid | Biblioteca del Ateneo de Madrid | Sala Pecera Planta 3 | 17/01/2008 | G-15353 | 1027079 | 23/02/2023 | 23/02/2023 | Libro impreso |
